=LDR 00000nam 2200000 4500 =001 INLIS000000000051484 =990 ##$$a 21704420 =005 20200302100621 =990 ##$$a 21704419 =035 ##$$a 0010-0917000288 =990 ##$$a 21704418 =007 ta =990 ##$$a 21704417 =008 200302################g##########0#ind## =990 ##$$a 21704416 =020 ##$$a 978-602-7996-38-0 =990 ##$$a 21704416 =082 ##$$a 158.1 =084 ##$$a 158.1 ERI t =100 #$$a Erik Triadi, AT =245 1#$$a The Power of Latihan : $b Tidak Ada Rahasia Apapun dibalik Kesuksesan Kecuali Ribuan Jam Latihan /$c Erik Triadi, AT =260 ##$$a Yogyakarta :$b Trans Idea Publishing,$c 2014 =300 ##$$a 159 hlm : $b ilus. ; $c 14 x 21 cm =500 ##$$a Biografi: Hlm. 159 =650 #4$$a Sukses Pribadi =504 ##$$a Bibliografi: hlm. 157 =990 ##$$a 21704420 =990 ##$$a 21704419 =990 ##$$a 21704418 =990 ##$$a 21704417 =990 ##$$a 21704416 =990 ##$$a 21704416